Statistiques concernant Culture Générale - Série 375

Cliquez ici pour prendre le quiz!

Statistiques générales

  • Ce quiz a été pris 219 fois
  • Le résultat moyen est 8 sur 10

Statistiques - réponses

QuestionRéponse% Correct
De quel pays proviennent les amuse-gueules appelés tapas ?L'Espagne
97%
Quelle mer baigne les côtes de l'Algérie ?La Méditerranée
95%
Quel acteur joue le comte Godefroy de Montmirail dans le film "Les Visiteurs" sorti en 1993 ?Jean Reno
91%
Comment appelle-t-on les gants qui laissent à nu les deux dernières phalanges des doigts ?Les mitaines
89%
Complétez le proverbe suivant : "Araignée du matin, chagrin, araignée du soir...Espoir
83%
Dans le sigle "UHT" sur certains packs de lait, que signifie la lettre "H" ?Haute
83%
Quel homme politique italien est surnommé "Il Cavaliere" ?Silvio Berlusconi
79%
Quel chanteur américain prénommé "Bruce" est surnommé "The Boss" ?Bruce Springsteen
75%
Quelle actrice interprète Julie Lescaut dans la série télévisée du même nom ?Véronique Genest
58%
Dans quel célèbre opéra de Mozart peut-on entendre la Reine de la Nuit ?La Flûte enchantée
39%

Distribution des résultats

Percentile par nombre de réponses

% des personnes avec chaque résultat

Votre développement - résultats

Vous n’avez pas pris ce quiz